000 01206nam a2200241Ia 4500
003 Ost
005 20260416102350.0
008 260416s9999||||xx |||||||||||||| ||und||
040 _cfsecg
041 _aara
082 _a332.46
100 _aالجوزي، جميلة
_eمؤلف
245 0 _aمحاضرات في الأنظمة النقدية والمصرفية /
_c جميلة الجوزي
260 _aالجزائر
_bجامعة الجزائر3: كلية العلوم الإقتصادية، العلوم التجارية وعلوم التسيير
_c(د.ت)
300 _a156 ورقة
_bايضاحات
_c30 سم
504 _aمراجع ص.152
520 _aتاريخ الانظمة النقدية، سوق الاورودولار، المناطق النقدية، النظام النقدي الاروبي، السوق النقدي، النقود الالكترونية، الازمة المالية
653 _aالبنوك
653 _aالسياسة المالية
653 _aالنظام النقدي
710 _aجامعة الجزائر3: كلية العلوم الإقتصادية، العلوم التجارية وعلوم التسيير
_eناشر علمي
942 _cHANDOUT
999 _c40958
_d40958